000 00350nam a2200145Ia 4500
005 20251222143141.0
008 251222s9999||||xx |||||||||||||| ||spa||
020 _a970-686-611-6
082 _a005.73/D95
100 _aDrozdek, Adam
245 0 _aEstructuras de datos y algoritmos con java
250 _a2a.ed.
264 _bThomson
942 _cLIB
999 _c12320
_d12320